Littérature - Statistiques

Statistiques générales
  • Ce quiz a été pris 189 fois
  • Le résultat moyen est 14 sur 40
Statistiques - réponses
Question Tuile Select % Correct
A quelle siècle appartient le baroque ? XVII Oui
89%
Dans quelle livre retrouve t-on cette citation:« Tu es responsable de ce que tu as apprivoisé. » ? Le petit prince Oui
79%
Ou est née Stendhal ? Grenoble Oui
77%
Dans quelle contexte historique a été écrit la déclaration de olympe de gouge ? la révolution Oui
72%
Quelle est le vrai nom de l'auteur George Sand ? Amantine Lucile Aurore Dupin Oui
70%
Dans quelle journal est paru "j'accuse" ? L'Aurore Oui
70%
Sitez un auteur de l'Encyclopédie du siècle des lumières diderot Oui
68%
A quel genre appartient Les fleurs du mal ? poesie Oui
65%
Compléter le titre de cette œuvre : Dom Juan __ __ ______ __ ______. ou le Festin de Pierre Oui
62%
Qui est l'auteur de La Vague ? todd stresser Oui
62%
Qui a eu le prix nobel en 1957 ? Camus Oui
56%
Quelle est le personnage principale des Liaisons Dangereuses ? marquise de merteuil Oui
49%
Sitez l'une des oeuvre littéraire les plus connus de Marivaux ? le jeux de l'amour et du hasard Oui
45%
Quelle est le personnage principale des Liaisons Dangereuses ? vicomte de valmont Oui
45%
Quelles sont les mouvement de Stendhal ? (2) romantisme realisme Oui
41%
Qui a eu le prix nobel en 1957 ? albert camus Oui
40%
Sitez l'une des oeuvre littéraire les plus connus de Marivaux ? les fausses confidences Oui
38%
Sitez l'une des oeuvre littéraire les plus connus de Marivaux ? l'ile des esclaves Oui
35%
Dans quelle contexte historique a été écrit la déclaration de olympe de gouge ? 1791 Oui
29%
Compléter le titre de cette œuvre : Dom Juan __ __ ______ __ ______. ou le festin de pierre Oui
27%
Dans quelle livre retrouve t-on cette citation:« Tu es responsable de ce que tu as apprivoisé. » ? le petit prince Oui
24%
Quelles sont les mouvement de Stendhal ? (2) realisme romantisme Oui
23%
A quelle siècle appartient le baroque ? 17 Oui
21%
A quel genre appartient Les fleurs du mal ? poesie lyrique Oui
21%
Sitez un auteur de l'Encyclopédie du siècle des lumières voltaire Oui
21%
Sitez un auteur de l'Encyclopédie du siècle des lumières alembert Oui
20%
Quelles sont les mouvement de Stendhal ? (2) realiste romantique Oui
15%
A quelle siècle appartient le baroque ? dix-sept Oui
14%
Quelle est le personnage principale des Liaisons Dangereuses ? valmont Oui
13%
Qui a eu le prix nobel en 1957 ? camus Oui
12%
Quelles sont les mouvement de Stendhal ? (2) romantique realiste Oui
12%
Qui est l'auteur de La Vague ? stresser Oui
11%
Quelle est le personnage principale des Liaisons Dangereuses ? merteuil Oui
10%
Qui est l'auteur de La Vague ? streser Oui
9%
Quelle est le vrai nom de l'auteur George Sand ? amantine lucile Oui
5%
Quelle est le vrai nom de l'auteur George Sand ? amantine lucile aurore dupin Oui
5%
Ou est née Stendhal ? grenoble Oui
5%
Dans quelle journal est paru "j'accuse" ? l'aurore Oui
3%
A quel genre appartient Les fleurs du mal ? bande dessinee Oui
2%
A quel genre appartient Les fleurs du mal ? fiction Oui
1%
Aucun quiz correspondant
Distribution des résultats
% des personnes avec chaque résultat
Percentile par nombre de réponses
Votre historique - résultats
Vous n’avez pas pris ce quiz